000 00322nam a2200109Ia 4500
008 171211s9999 xx 000 0 und d
245 _aEnemies to Allies: Cold War Germany and American Memory
245 _cBrian C. Etheridge
260 _c2016
650 _xHistory
856 _uhttp://down.ebook777.com/064/0813166403.pdf
999 _c348807
_d348807